| 000 | 01416nam0a2200313 4500 | ||
|---|---|---|---|
| 001 | RU\NLR\bibl\1258961 | ||
| 005 | 20260407185442.0 | ||
| 010 |
_a978-5-89552-249-3 _9500 |
||
| 021 |
_aRU _b2008-47217 _92608 |
||
| 035 | _a(NLR Aleph) 001244972 | ||
| 090 |
_a282758 _c282758 |
||
| 100 | _a20080805d2008 |||y0rusy50 ca | ||
| 101 | 0 | _arus | |
| 102 | _aRU | ||
| 105 | _aac ||||||||| | ||
| 200 | 1 |
_aЛитературная Вега _e60-летию литобъединения г. Калуги посвящается _eальманах: литературная хроника, поэзия, проза _f[сост.: М. Бендрышева, С. Нилов _gред.: Н. Смирнова, Л. Филатова] |
|
| 210 |
_aКалуга _cИзд-во Н.Ф. Бочкаревой _d2008 |
||
| 215 |
_a111, [1] c. _cил., портр. _d29 |
||
| 686 | _aШ6(2=Р)75-999 | ||
| 702 | 1 |
_aБендрышева _bМ. В. _f1972- _gМаргарита Витальевна _4220 |
|
| 702 | 1 |
_4340 _7ca _8rus _aСмирнова _bН. В. _cпоэтесса, журналист _gНина Витольдовна _974603 _3RU\NLR\auth\7791676 |
|
| 712 | 0 | 2 |
_4570 _a"Вега", литературное объединение _cКалуга _9741760 _3RU\NLR\AUTH\8810121837 |
| 801 | 0 |
_aRU _bNLR _c20080805 _gRCR |
|
| 801 | 1 |
_aRU _bNLR _c20080805 |
|
| 942 | _cBOOK | ||
| 980 | _aNB | ||
| 980 | _aNBR | ||